| 000 | 00675nam a2200205Ia 4500 | ||
|---|---|---|---|
| 003 | GCL | ||
| 005 | 20240530105017.0 | ||
| 008 | 140319s9999 xx 000 0 ara d | ||
| 040 |
_aGCL / _cGCL |
||
| 082 | 0 | 4 |
_a962.054 _bق/ع ج |
| 100 | 1 | _aعبدالوهاب بكر محمد | |
| 245 | 1 | 0 |
_aالجيش المصرى وحرب فلسطين 1952-1948 / _cعبدالوهاب بكر محمد |
| 250 | _aط1 | ||
| 260 |
_aالقاهرة : _bدار المعارف ، _c1982 |
||
| 300 |
_a327 ص؛ _c24 سم |
||
| 650 | 0 | 4 | _aالاحوال الثقافية |
| 650 | 0 | 4 | _aالجيش المصرى |
| 650 | 0 | 4 | _aالحرب العربية الاسرائيلية |
| 942 |
_2ddc _cBK |
||
| 999 |
_c52484 _d52484 |
||